00513nam a22001937a 450000500170000000800410001704000070005804100120006508200230007710000160010024500370011626000320015330000280018544000170021365000200023065000230025065000280027370000180030120220718113242.0220718b ||||| |||| 00| 0 eng d cAL aEnglish 223a796.5220bDUTH aAjit K Dutt aHimalayan Mountaineering Journal aCalcuttabAjit K Duttc1994 a132 p.bPBc24x16.5 cm. aVol XXI 1994 a Mountaineering aHimalaya Mountains aClimb From Peak to Peak aDUTT (Ajit K)